00276nam a2200109Ia 4500008004100000082001600041100001900057245004100076250000900117260003200126300000800158150731s2014 xx 000 0 und d a611bA 14 S aSINGH, VISHRAM aTB. OF ANATOMY : UPPER LIMP & THOROY a2 ND bELSEVIER- INDIA DELHIc2014 a330